Southville International School and Colleges
Your cart is empty.
  • Cart
  • Lists
    Public lists Eva Luna New books Lux_list list_1
    Your lists Log in to create your own lists
  • Log in to your account
  • Your cookies
  • Search history
Southville International School and Colleges
  • Advanced search
  • Recent comments
  • Most popular
  • Libraries

Log in to your account

Log in with GOOGLE


If you do not have an external account, but do have a local account, you can still log in:

  1. Home
  2. MARC view: The Story of Astronomy ;
Normal view MARC view ISBD view

The Story of Astronomy ; (Record no. 305434)

[ view plain ]
MARC details
000 -LEADER
fixed length control field 00599nam a2200229Ia 4500
008 - FIXED-LENGTH DATA ELEMENTS--GENERAL INFORMATION
fixed length control field 170203s9999 xx 000 0 und d
020 ## - INTERNATIONAL STANDARD BOOK NUMBER
International Standard Book Number 978-1844037117
050 ## - LIBRARY OF CONGRESS CALL NUMBER
Classification number 323.1
050 ## - LIBRARY OF CONGRESS CALL NUMBER
Item number .S887 2012
100 ## - MAIN ENTRY--PERSONAL NAME
Personal name Couper, Heather.
245 #4 - TITLE STATEMENT
Title The Story of Astronomy ;
245 ## - TITLE STATEMENT
Remainder of title How the Universe revealed its secrets
245 ## - TITLE STATEMENT
Statement of responsibility, etc Heather Couper and Nigel Henbest
260 ## - PUBLICATION, DISTRIBUTION, ETC. (IMPRINT)
Place of publication, distribution, etc United Kingdom :
260 ## - PUBLICATION, DISTRIBUTION, ETC. (IMPRINT)
Name of publisher, distributor, etc CPI Group Ltd.
260 ## - PUBLICATION, DISTRIBUTION, ETC. (IMPRINT)
Date of publication, distribution, etc 2012
300 ## - PHYSICAL DESCRIPTION
Extent 240 pages ;
300 ## - PHYSICAL DESCRIPTION
Dimensions 20 cm.
500 ## - GENERAL NOTE
General note Foreword by Arthur C. Clarke.
650 ## - SUBJECT ADDED ENTRY--TOPICAL TERM
Topical term or geographic name as entry element Astronomy
650 ## - SUBJECT ADDED ENTRY--TOPICAL TERM
General subdivision Science
Holdings
Withdrawn status Lost status Damaged status Home library Current library Shelving location Date acquired Total Checkouts Full call number Barcode Date last seen Price effective from Koha item type
      Stonyhurst Southville International School (Batangas) Stonyhurst Southville International School (Batangas)   02/03/2017   323.1 .S887 2012 US-1761 02/03/2017 02/03/2017 Books

The Story of Astronomy ;

APA

Couper H., .The Story of Astronomy. United Kingdom: .

Chicago

Couper Heather, .The Story of Astronomy. United Kingdom: .

Harvard

Couper H., .The Story of Astronomy. United Kingdom: .

MLA

Couper Heather, .United Kingdom: . .

  • Place hold
  • Print
  • Cite
  • Add to your cart (remove)
  • Save record
    BIBTEX Dublin Core MARCXML MARC (non-Unicode/MARC-8) MARC (Unicode/UTF-8) MARC (Unicode/UTF-8, Standard) MODS (XML) RIS
  • More searches
    Search for this title in:
    Other Libraries (WorldCat) Other Databases (Google Scholar) Online Stores (Bookfinder.com) Open Library (openlibrary.org)

Exporting to Dublin Core...

SOUTHVILLE LIBRARY

Southville International School and Colleges Library

1281 Tropical Ave. Cor. Luxembourg St., BF Homes International, Las Pinas City

Tel. No. 8256374 / 252358 Loc. 117/146

Powered by Koha